Piłkarze Reprezentacji Madagaskaru - nagła śmierć - Statystyki

Ogólne statystyki
  • Ten quiz został rozwiązany 12 razy
  • Średni wynik to 4 z 9
Answers on the Grid
Answers color-coded by a green-red scale on the quiz's grid according to % correct below.
Stéphane Bahoken
Lalaïna Nomenjanahary
Rayan Raveloson
Saïdi Ntibazonkiza
Jérémy Morel
Marco Ilaimaharitra
Mbwana Samatta
Romain Métanire
Ima Andriatsima
Loïc Lapoussin
Youssouf Ndayishimiye
Carolus Andriamahitsinoro
Warren Caddy
Andréas Hountondji
 
Statystyki odpowiedzi
Odpowiedź % Poprawnych
Carolus Andriamahitsinoro
92%
Lalaïna Nomenjanahary
75%
Marco Ilaimaharitra
58%
Ima Andriatsima
42%
Loïc Lapoussin
42%
Rayan Raveloson
33%
Romain Métanire
33%
Jérémy Morel
25%
Warren Caddy
25%
Nie znaleziono quizów pasujących do podanych kryteriów
Rozkład punktacji
Procent ludzi z każdym wynikiem
Percentyl według liczby udzielonych odpowiedzi
Twoja historia wyników
Nie rozwiązałeś tego quizu